000 00455nmm a2200169Ia 4500
008 251105s9999||||xx |||||||||||||||||und||
020 _a9788496428348
041 _aspa
100 _aCalderón de la Barca, Pedro
245 0 _aEl divino cazador
264 _a[Madrid, España] :
_bLinkgua,
_c2016
300 _a28 páginas
490 _aTeatro
650 _aSpanish theater
856 _uhttps://public.digitaliapublishing.com/a/15870
942 _cCF
999 _c89900
_d89900